Kabale University Library Catalogue

American democracy promotion : (Record no. 6105)

MARC details
000 -LEADER
fixed length control field 00953cam a22002654a 4500
003 - CONTROL NUMBER IDENTIFIER
control field OSt
005 - DATE AND TIME OF LATEST TRANSACTION
control field 20260206111747.0
008 - FIXED-LENGTH DATA ELEMENTS--GENERAL INFORMATION
fixed length control field 000418s2000 enka b 001 0 eng
020 ## - INTERNATIONAL STANDARD BOOK NUMBER
International Standard Book Number 0198296789
020 ## - INTERNATIONAL STANDARD BOOK NUMBER
International Standard Book Number 0199240973
020 ## - INTERNATIONAL STANDARD BOOK NUMBER
International Standard Book Number 9780199240975
040 ## - CATALOGING SOURCE
Original cataloging agency KABLIB
Transcribing agency KABLIB
Language of cataloging eng
Description conventions rda
082 00 - DEWEY DECIMAL CLASSIFICATION NUMBER
Classification number 327.73
Edition number 23
Item number AME
245 00 - TITLE STATEMENT
Title American democracy promotion :
Remainder of title impulses, strategies, and impacts /
Statement of responsibility, etc. edited by Michael Cox, G. John Ikenberry, and Takashi Inoguchi.
260 ## - PUBLICATION, DISTRIBUTION, ETC.
Place of publication, distribution, etc. New York :
Name of publisher, distributor, etc. Oxford University Press,
Date of publication, distribution, etc. 2000.
300 ## - PHYSICAL DESCRIPTION
Extent xii, 353 p. :
Other physical details ill. ;
Dimensions 25 cm.
504 ## - BIBLIOGRAPHY, ETC. NOTE
Bibliography, etc. note Includes bibliographical references and index.
650 #0 - SUBJECT ADDED ENTRY--TOPICAL TERM
Topical term or geographic name entry element Democracy
Geographic subdivision United States.
9 (RLIN) 15363
650 #0 - SUBJECT ADDED ENTRY--TOPICAL TERM
Topical term or geographic name entry element Democratization
General subdivision Government policy
Geographic subdivision United States.
9 (RLIN) 15515
651 #0 - SUBJECT ADDED ENTRY--GEOGRAPHIC NAME
Geographic name United States
General subdivision Foreign relations
9 (RLIN) 15516
700 1# - ADDED ENTRY--PERSONAL NAME
Personal name Cox, Michael,
9 (RLIN) 15517
700 1# - ADDED ENTRY--PERSONAL NAME
Personal name Ikenberry, G. John.
9 (RLIN) 15518
700 1# - ADDED ENTRY--PERSONAL NAME
Personal name Inoguchi, Takashi.
9 (RLIN) 15519
942 ## - ADDED ENTRY ELEMENTS (KOHA)
Source of classification or shelving scheme Dewey Decimal Classification
Koha item type Book
Holdings
Withdrawn status Lost status Source of classification or shelving scheme Damaged status Not for loan Home library Current library Shelving location Date acquired Source of acquisition Total Checkouts Full call number Barcode Date last seen Price effective from Koha item type
    Dewey Decimal Classification     Mukombe Library Mukombe Library Open Access Section 06.02.2026 Donation   327.73 AME 14584 06.02.2026 06.02.2026 Book

Kabale University Library | Kabale University P.O Box 317, Kabale, Uganda
Tel : +256754017033, +256774661503 E-mail : library@kab.ac.ug